000 00769nam a2200169Ia 4500
008 151213s9999 xx 000 0 und d
082 _a515.33
_b515.33
100 _aমো:আবদুল মতিন/বিধুভূষন চক্রবর্তী
245 _aডিফারেন্সিয়াল ক্যালকুলাস
_cমো:আবদুল মতিন/বিধুভূষন চক্রবর্তী
250 _a৪র্থ
260 _aঢাকা
_bস্ট্যান্ডার্ড পাবলিকেশন্স
_c2008
300 _a11889 p.
650 _aMathematics
650 _aMathematics
700 _aমো:আবদুল মতিন/বিধুভূষন চক্রবর্তী
999 _c5064
_d5064